00619 2200217 4500001002100000005001700021008004100038035002400079090001500103100001600118245009000134250001100224260003300235300003000268500003100298650002100329850001500350980001500365985000600380999001500386YOGYA-0209000000079820090227020402.0 ind  0010-020900000000798 a301bSub S aSubandiroso aSosiologi antropologi 2bprogram pengetahuan budaya dan ilmu-ilmu sosialcSubandiroso aCet. 1 aKlatenbIntan Pariwarac1987 aiii, 148 hlmbilusc20 cm aBibliografi : hlm. 147-148 aAntropologi gigi aYOPDYOG(B) a06-18-2005 a1 a95P0056893